[Event "Moscow Aeroflot op-A"]
[Site "Moscow"]
[Date "2006.02.15"]
[Round "8"]
[White "Sargissian, Gabriel"]
[Black "Izoria, Zviad"]
[Result "1/2-1/2"]
[WhiteElo "2603"]
[BlackElo "2652"]
[PlyCount "81"]
[EventDate "2006.02.08"]
[EventType "swiss"]
[EventRounds "9"]
[EventCountry "RUS"]
[Source "ChessBase"]
[SourceDate "2006.06.07"]

1. d4 Nf6 2. c4 g6 3. Nf3 Bg7 4. g3 O-O 5. Bg2 d6 6. O-O c6 7. Nc3 Qa5 8. e4 e5
9. d5 cxd5 10. cxd5 Bd7 11. a3 Rc8 12. b4 Qd8 13. Bd2 a5 14. Ne1 axb4 15. axb4
Rxa1 16. Qxa1 Na6 17. Nc2 Nc7 18. Na3 h5 19. h3 h4 20. g4 Nh7 21. Rc1 b5 22.
Nc2 Bf6 23. Ne3 Bg5 24. Rc2 Na8 25. Qc1 Nb6 26. Bf1 Bf4 27. Ne2 Rxc2 28. Qxc2
Bxe3 29. Bxe3 Nc4 30. Bc1 Ng5 31. Bg2 f5 32. exf5 gxf5 33. gxf5 Qf6 34. f4 exf4
35. Nxf4 Bxf5 36. Qe2 Qe5 37. Kh2 Be4 38. Bxe4 Nxe4 39. Qg4+ Kf7 40. Qxh4 Nf6
41. Qg3 1/2-1/2

[Event "SCG-ch 2nd"]
[Site "Pancevo"]
[Date "2006.02.28"]
[Round "2"]
[White "Abramovic, Bosko"]
[Black "Savic, Miodrag R"]
[Result "1-0"]
[WhiteElo "2507"]
[BlackElo "2517"]
[PlyCount "163"]
[EventDate "2006.02.27"]
[EventType "tourn"]
[EventRounds "13"]
[EventCountry "YUG"]
[EventCategory "11"]
[Source "ChessBase"]
[SourceDate "2006.06.07"]

1. d4 Nf6 2. c4 g6 3. Nf3 Bg7 4. g3 O-O 5. Bg2 d6 6. O-O Nc6 7. Nc3 a6 8. e4
Bg4 9. h3 Bxf3 10. Bxf3 e5 11. d5 Nd4 12. Bg2 c5 13. dxc6 bxc6 14. b4 Nd7 15.
Be3 Nb6 16. Qd3 Qd7 17. Rfd1 Qe6 18. Bf1 Rfd8 19. Rac1 a5 20. b5 Nd7 21. Bg2
Nc5 22. Qf1 cxb5 23. cxb5 Rab8 24. Rb1 Rdc8 25. Nd5 Kh8 26. b6 Qd7 27. h4 f5
28. exf5 gxf5 29. Rdc1 Qf7 30. Bxd4 exd4 31. Qb5 f4 32. Nxf4 Bh6 33. Qc4 Qg7
34. Ne6 Qf6 35. Ng5 Rf8 36. f4 Bg7 37. Kh2 d3 38. Rd1 h6 39. Ne4 Nxe4 40. Qxe4
d5 41. Qxd5 Rxb6 42. Rxb6 Qxb6 43. Rxd3 Qb4 44. Rb3 Qe1 45. Qd6 Qf2 46. a3 Qd4
47. Qc7 Qd8 48. Rb7 Qxc7 49. Rxc7 Bd4 50. Rd7 Bc5 51. a4 Rf6 52. Rc7 Bb4 53.
Be4 Kg8 54. Kg2 Rd6 55. Kf3 Rd1 56. Rc6 h5 57. Bg6 Rf1+ 58. Kg2 Ra1 59. Bxh5
Rxa4 60. Rc8+ Kg7 61. Rc7+ Kf8 62. Bg6 Ra2+ 63. Rc2 Ra3 64. Re2 a4 65. h5 Kg7
66. Be8 Bc3 67. g4 Ra1 68. Bd7 a3 69. Be6 Kh6 70. Rc2 Bb2 71. Rc6 Bd4 72. Ra6
Rg1+ 73. Kf3 Bb2 74. Bc4+ Kh7 75. g5 Rc1 76. Ra7+ Kh8 77. Ra8+ Kh7 78. Bd3+ Kg7
79. h6+ Kf7 80. g6+ Ke7 81. g7 Rg1 82. Bc4 1-0

[Event "SCG-ch 2nd"]
[Site "Pancevo"]
[Date "2006.03.12"]
[Round "13"]
[White "Abramovic, Bosko"]
[Black "Antic, Dejan"]
[Result "1-0"]
[WhiteElo "2507"]
[BlackElo "2505"]
[PlyCount "93"]
[EventDate "2006.02.27"]
[EventType "tourn"]
[EventRounds "13"]
[EventCountry "YUG"]
[EventCategory "11"]
[Source "ChessBase"]
[SourceDate "2006.06.07"]

1. d4 Nf6 2. Nf3 g6 3. g3 Bg7 4. Bg2 O-O 5. O-O d6 6. c4 c5 7. Nc3 Nc6 8. d5
Na5 9. Nd2 e5 10. Qc2 h5 11. b3 h4 12. e4 Bd7 13. Nf3 h3 14. Bh1 a6 15. Bg5 b5
16. Nd2 Qe8 17. Bxf6 Bxf6 18. Bf3 bxc4 19. Nxc4 Nxc4 20. bxc4 Bd8 21. Rab1 Ba5
22. Nd1 f5 23. Qe2 Qe7 24. Kh1 Qg5 25. Rb7 Bc8 26. Rb2 Ra7 27. Rg1 Raf7 28.
exf5 Bxf5 29. g4 Bd3 30. Qxd3 Rxf3 31. Qe2 Qf4 32. Rg3 e4 33. Rb3 Rf7 34. Re3
Rxe3 35. Rxe3 Qh6 36. Rxe4 Qc1 37. Re3 Rf4 38. Rxh3 Kg7 39. Qe7+ Rf7 40. Qe2
Rf4 41. Qe7+ Rf7 42. Rh7+ Kxh7 43. Qxf7+ Kh6 44. Qf8+ Kg5 45. Qf3 Qxc4 46. Ne3
Qd4 47. Qf8 1-0

[Event "Pardubice op-A"]
[Site "Pardubice"]
[Date "2006.07.26"]
[Round "6"]
[White "Borovikov, Vladislav"]
[Black "Hausrath, Daniel"]
[Result "1/2-1/2"]
[WhiteElo "2582"]
[BlackElo "2511"]
[PlyCount "39"]
[EventDate "2006.07.21"]
[EventType "swiss"]
[EventRounds "9"]
[EventCountry "CZE"]
[Source "ChessBase"]
[SourceDate "2006.09.14"]

1. d4 Nf6 2. Nf3 g6 3. c4 Bg7 4. g3 O-O 5. Bg2 d6 6. O-O c6 7. Nc3 Qa5 8. e4
Bg4 9. h3 Bxf3 10. Bxf3 e5 11. d5 cxd5 12. cxd5 Nbd7 13. Qe2 a6 14. Bd2 Rfc8
15. Rfc1 Qd8 16. h4 h5 17. Bg2 Kh7 18. Bh3 Bh6 19. Bg5 Kg7 20. Bxh6+ 1/2-1/2

[Event "CRO-chT 15th"]
[Site "Sibenik"]
[Date "2006.09.29"]
[Round "8"]
[White "Mikhalchishin, Adrian"]
[Black "Jovanovic, Zoran2"]
[Result "1/2-1/2"]
[WhiteElo "2543"]
[BlackElo "2543"]
[PlyCount "20"]
[EventDate "2006.09.22"]
[EventType "team"]
[EventRounds "11"]
[EventCountry "CRO"]
[Source "ChessBase"]
[SourceDate "2006.11.01"]

1. d4 Nf6 2. Nf3 g6 3. c4 Bg7 4. g3 O-O 5. Bg2 d6 6. O-O c6 7. b3 Qa5 8. Bb2
Qh5 9. Nbd2 Bh3 10. Bxh3 Qxh3 1/2-1/2

[Event "CRO-chT 15th"]
[Site "Sibenik"]
[Date "2006.10.02"]
[Round "11"]
[White "Ruck, Robert"]
[Black "Gyimesi, Zoltan"]
[Result "1/2-1/2"]
[WhiteElo "2523"]
[BlackElo "2616"]
[PlyCount "44"]
[EventDate "2006.09.22"]
[EventType "team"]
[EventRounds "11"]
[EventCountry "CRO"]
[Source "ChessBase"]
[SourceDate "2006.11.01"]

1. Nf3 Nf6 2. g3 g6 3. Bg2 Bg7 4. O-O O-O 5. d4 d6 6. c4 Nc6 7. Nc3 Bf5 8. d5
Na5 9. Nd4 Bd7 10. b3 c5 11. dxc6 Nxc6 12. Bb2 Nxd4 13. Qxd4 Bc6 14. Nd5 Bxd5
15. Bxd5 Ne8 16. Qd2 Bxb2 17. Qxb2 Qc7 18. Rfd1 Nf6 19. Bf3 a5 20. Rd4 Qb6 21.
Rad1 Rfc8 22. h4 h5 1/2-1/2

[Event "Open"]
[Site "Granada ESP"]
[Date "2007.12.07"]
[Round "4"]
[White "Barsov, A."]
[Black "Movsziszian, K."]
[Result "1/2-1/2"]
[WhiteElo "2526"]
[BlackElo "2531"]
[PlyCount "84"]
[EventDate "2007.12.05"]
[SourceDate "1999.07.01"]

1. d4 d6 2. Nf3 g6 3. g3 Bg7 4. Bg2 Nf6 5. O-O O-O 6. c4 Nbd7 7. Nc3 e5 8. h3
Re8 9. e4 exd4 10. Nxd4 Nc5 11. Re1 a6 12. Rb1 Rb8 13. Bf4 h6 14. Nb3 Ne6 15.
Be3 Ng5 16. Qc1 Nxh3+ 17. Bxh3 Bxh3 18. Bxh6 Ng4 19. Bxg7 Kxg7 20. Nd5 Ne5 21.
Qc3 c6 22. f4 cxd5 23. exd5 Bf5 24. Rbc1 f6 25. fxe5 fxe5 26. c5 Rc8 27. Qb4
dxc5 28. Qxb7+ Re7 29. Qxa6 Qxd5 30. Qc4 Qb7 31. Nxc5 Qxb2 32. Qc3 Rb8 33. a4
Bh3 34. Rc2 Qxc3 35. Rxc3 Rb2 36. Rce3 Rg2+ 37. Kh1 Rc2 38. Rxe5 Rf7 39. R1e2
Rc1+ 40. Re1 Rc2 41. R1e2 Rc1+ 42. Re1 Rc2 1/2-1/2

[Event "Open"]
[Site "Granada ESP"]
[Date "2007.12.07"]
[Round "5"]
[White "Movsziszian, K."]
[Black "Matamoros Franco, C."]
[Result "0-1"]
[WhiteElo "2531"]
[BlackElo "2525"]
[PlyCount "112"]
[EventDate "2007.12.05"]
[SourceDate "1999.07.01"]

1. Nf3 Nf6 2. g3 g6 3. Bg2 Bg7 4. O-O O-O 5. d4 d6 6. c4 Nbd7 7. Qc2 e5 8. Rd1
Re8 9. Nc3 a6 10. h3 exd4 11. Nxd4 Rb8 12. e4 c5 13. Nde2 Ne5 14. b3 b5 15. f4
Nc6 16. e5 Bf5 17. Qd2 Nd4 18. exf6 Nxe2+ 19. Nxe2 Qxf6 20. g4 Qxa1 21. gxf5
bxc4 22. bxc4 Rb1 23. fxg6 hxg6 24. Kf2 Qf6 25. Bf3 Qe6 26. Qc2 Rb4 27. f5 Qxf5
28. Qxf5 gxf5 29. Rg1 Kf8 30. Bd5 Rb1 31. h4 Ra1 32. Kf3 Rxa2 33. Rg2 Rb8 34.
h5 Rb3+ 35. Kf4 Bh6+ 36. Kxf5 Bxc1 37. Nxc1 Rxg2 38. Nxb3 Rh2 39. Kg5 Kg7 40.
Na5 f6+ 41. Kg4 Ra2 42. Nb7 a5 43. Nxd6 a4 44. Nb5 a3 45. Nxa3 Rxa3 46. Kf5 Rh3
47. Ke6 Rxh5 48. Kd6 f5 49. Kxc5 Kf6 50. Kd6 f4 51. Bb7 Rh3 52. c5 Rd3+ 53. Kc7
Ke7 54. c6 Rc3 55. Ba6 f3 56. Bf1 f2 0-1

[Event "ch-BLR"]
[Site "Minsk BLR"]
[Date "2007.01.12"]
[Round "3"]
[White "Maiorov, N."]
[Black "Teterev, V."]
[Result "1-0"]
[WhiteElo "2516"]
[BlackElo "2516"]
[PlyCount "102"]
[EventDate "2007.01.10"]
[SourceDate "1999.07.01"]

1. d4 Nf6 2. c4 g6 3. Nf3 Bg7 4. g3 O-O 5. Bg2 d6 6. O-O a6 7. Nc3 Nc6 8. e4
Bg4 9. h3 Bxf3 10. Bxf3 Nd7 11. Be3 e5 12. d5 Nd4 13. Bg2 c5 14. dxc6 bxc6 15.
b4 Qe7 16. Qd3 a5 17. b5 Nc5 18. Qd2 Rab8 19. Rab1 Qd7 20. Rfd1 Rfc8 21. bxc6
Qxc6 22. Nd5 Qe8 23. Rxb8 Rxb8 24. Qxa5 Qa4 25. Qxa4 Nxa4 26. Bd2 Rb2 27. Bb4
Nb6 28. a3 Nxc4 29. Bf1 Nd2 30. Bd3 f5 31. Bxd2 Nf3+ 32. Kg2 Nxd2 33. exf5 e4
34. Be2 gxf5 35. Ne7+ Kf7 36. Nxf5 d5 37. Rc1 Bf8 38. Rc6 Rb8 39. Bh5+ Kg8 40.
Rc7 Rd8 41. Nd4 Bd6 42. Bf7+ Kg7 43. Rb7 Kf6 44. Nc6 e3 45. fxe3 Ra8 46. Bxd5
Rxa3 47. Rd7 Bc5 48. Rf7+ Kg5 49. h4+ Kh6 50. e4 Re3 51. Ne5 Nxe4 1-0

[Event "Masters"]
[Site "Singapore SIN"]
[Date "2006.12.29"]
[Round "7"]
[White "Zhao Jun"]
[Black "Nguyen Ngoc Truongson"]
[Result "1-0"]
[WhiteElo "2539"]
[BlackElo "2534"]
[PlyCount "86"]
[EventDate "2006.12.26"]
[SourceDate "1999.07.01"]

1. Nf3 Nf6 2. c4 d6 3. d4 g6 4. g3 Bg7 5. Bg2 O-O 6. O-O c6 7. Nc3 a6 8. e4 b5
9. e5 Ne8 10. cxb5 axb5 11. Bf4 h6 12. h4 f6 13. Qb3+ d5 14. exf6 exf6 15. a4
bxa4 16. Rxa4 Na6 17. Na2 g5 18. hxg5 hxg5 19. Bd2 Bd7 20. Nb4 Nxb4 21. Rxa8
Qxa8 22. Bxb4 Rf7 23. Ne1 Nc7 24. Nd3 Ne6 25. Qc3 Qa7 26. Nc5 Nxc5 27. Bxc5 Qb8
28. b4 Bf8 29. Rb1 Qb5 30. Bf1 Qb7 31. Qc2 Kg7 32. Bd3 Bxc5 33. dxc5 Qc8 34.
Re1 Qd8 35. Qe2 Qc8 36. Qc2 Qd8 37. b5 cxb5 38. c6 Bg4 39. Bxb5 Qa5 40. Rb1 Bf3
41. Be2 Be4 42. Bd3 Bxd3 43. Qxd3 g4 1-0

[Event "V Ilijas Subasic Mem"]
[Site "Zenica BIH"]
[Date "2006.12.15"]
[Round "8"]
[White "Drasko, M."]
[Black "Jovanovic, Zo CRO"]
[Result "1/2-1/2"]
[WhiteElo "2547"]
[BlackElo "2539"]
[PlyCount "23"]
[EventDate "2006.12.08"]
[SourceDate "1999.07.01"]

1. d4 Nf6 2. c4 g6 3. Nf3 Bg7 4. g3 O-O 5. Bg2 d6 6. O-O c6 7. Nc3 Qa5 8. e4 e5
9. h3 exd4 10. Nxd4 Re8 11. Re1 Be6 12. Nxe6 1/2-1/2

[Event "XV PRO AM Open"]
[Site "Villa Martelli ARG"]
[Date "2008.10.18"]
[Round "9"]
[White "Vasquez, R."]
[Black "Flores, Di"]
[Result "0-1"]
[WhiteElo "2522"]
[BlackElo "2569"]
[PlyCount "46"]
[EventDate "2008.10.10"]
[SourceDate "1999.07.01"]

1. d4 d6 2. Nf3 g6 3. g3 Bg7 4. Bg2 Nf6 5. O-O O-O 6. c4 c5 7. Nc3 Nc6 8. d5
Na5 9. Nd2 e5 10. e4 Ng4 11. h3 Nh6 12. b3 f5 13. exf5 gxf5 14. Qc2 Bd7 15. Bb2
Qe8 16. f4 Qg6 17. Ne2 Rae8 18. Bc3 b6 19. Nf3 Bf6 20. Rae1 Nb7 21. Kh2 Qg7 22.
Bh1 exf4 23. Bxf6 Rxe2+ 0-1

[Event "DMP Ekstraliga"]
[Site "Karpacz POL"]
[Date "2008.09.13"]
[Round "8"]
[White "Macieja, B."]
[Black "Czarnota, P."]
[Result "0-1"]
[WhiteElo "2606"]
[BlackElo "2526"]
[PlyCount "80"]
[EventDate "2008.09.06"]
[SourceDate "1999.07.01"]

1. d4 Nf6 2. c4 g6 3. Nf3 Bg7 4. g3 O-O 5. Bg2 d6 6. O-O Nbd7 7. Nc3 e5 8. h3
Re8 9. e4 exd4 10. Nxd4 Nc5 11. Re1 Bd7 12. Bf4 h6 13. Rb1 a5 14. b3 a4 15. b4
Ne6 16. Nxe6 Bxe6 17. Nd5 Nd7 18. Rc1 Ne5 19. Be3 a3 20. f4 Nd7 21. Bf2 c6 22.
Ne3 Nf6 23. Qc2 Bd7 24. Rcd1 Qc7 25. Nf1 Be6 26. f5 Bc8 27. c5 dxc5 28. Bxc5
Qe5 29. Bd4 Qc7 30. Qc3 Nh5 31. f6 Bf8 32. e5 Be6 33. Be3 Bxa2 34. g4 Qxe5 35.
Bd4 Qg5 36. Rxe8 Rxe8 37. gxh5 Bd5 38. Qg3 Qxh5 39. Re1 Rxe1 40. Qxe1 Bxg2 0-1

[Event "TCh-HUN 2007-8"]
[Site "Budapest HUN"]
[Date "2008.03.16"]
[Round "8"]
[White "Medvegy, Z."]
[Black "Kotronias, V."]
[Result "1/2-1/2"]
[WhiteElo "2512"]
[BlackElo "2614"]
[PlyCount "190"]
[EventDate "2007.10.14"]
[SourceDate "1999.07.01"]

1. d4 Nf6 2. c4 g6 3. g3 Bg7 4. Bg2 O-O 5. Nf3 d6 6. O-O Nbd7 7. Nc3 e5 8. Rb1
c6 9. b4 Nb6 10. dxe5 dxe5 11. Qxd8 Rxd8 12. Nxe5 Ng4 13. Nxg4 Bxg4 14. h3 Bf5
15. Rb3 Be6 16. Bg5 f6 17. Bf4 f5 18. Rc1 Bxc4 19. Ra3 Bf8 20. Rb1 Bf7 21. Na4
Nxa4 22. Rxa4 a6 23. Ra5 Bc4 24. Bf3 Re8 25. Kf1 Re6 26. Rc1 Bb5 27. a4 Bxb4
28. Rxb5 axb5 29. axb5 Kg7 30. bxc6 bxc6 31. Rxc6 Rxc6 32. Bxc6 Ra1+ 33. Kg2
Bc3 34. h4 Ra5 35. Bf3 Be5 36. Bxe5+ Rxe5 37. e3 Kf6 38. Bb7 Rb5 39. Bc6 Rc5
40. Bb7 Rc7 41. Bd5 Ke5 42. Ba8 Rc2 43. Bf3 Rc1 44. Bb7 Re1 45. Kf3 Rb1 46. Bc6
Kd6 47. Ba4 Kc5 48. Bd7 Rb7 49. Be6 Re7 50. Bg8 Rg7 51. Ba2 Rb7 52. Bg8 h6 53.
e4 fxe4+ 54. Kxe4 Re7+ 55. Kf3 Kd4 56. Bb3 Kd3 57. Ba2 Kd2 58. Bb1 Rg7 59. Kg4
Ke2 60. f4 Ke3 61. Bc2 Kd4 62. Bb1 Kd5 63. h5 g5 64. Bg6 gxf4 65. Kxf4 Ke6 66.
g4 Kf6 67. Bf5 Rc7 68. Kf3 Kg5 69. Ke2 Kf4 70. Kd2 Re7 71. Kd3 Re8 72. Kd2 Kf3
73. Kd3 Rd8+ 74. Kc3 Ke3 75. Kc4 Rd1 76. Be6 Rd4+ 77. Kc5 Ke4 78. Bf5+ Ke5 79.
Kc6 Rc4+ 80. Kd7 Rc5 81. Ke7 Rc7+ 82. Kf8 Kf6 83. Ke8 Ra7 84. Kd8 Re7 85. Bg6
Ke6 86. Bf5+ Kd6 87. Bg6 Re1 88. Bf5 Re5 89. Bg6 Rg5 90. Ke8 Ke6 91. Bf5+ Kf6
92. Kd7 Rg8 93. Kd6 Rd8+ 94. Kc5 Ke5 95. Kc4 Rd1 1/2-1/2

[Event "Mayors Cup Open"]
[Site "Mumbai IND"]
[Date "2008.05.19"]
[Round "11"]
[White "Gagunashvili, M."]
[Black "Iuldachev, S."]
[Result "0-1"]
[WhiteElo "2553"]
[BlackElo "2501"]
[PlyCount "124"]
[EventDate "2008.05.11"]
[SourceDate "1999.07.01"]

1. d4 Nf6 2. c4 g6 3. Nf3 Bg7 4. g3 O-O 5. Bg2 d6 6. O-O Nbd7 7. Nc3 e5 8. e4
c6 9. h3 Qb6 10. c5 dxc5 11. dxe5 Ne8 12. e6 fxe6 13. Ng5 Ne5 14. f4 Nf7 15.
Nxf7 Bd4+ 16. Kh2 Rxf7 17. e5 Nc7 18. Ne4 Nd5 19. h4 Bd7 20. h5 Raf8 21. Bh3
Qa6 22. Ng5 Re7 23. Nf3 Qc4 24. Nxd4 cxd4 25. b3 Qc5 26. Rf3 Qb6 27. Ba3 Nb4
28. Bxb4 Qxb4 29. a3 Qb6 30. b4 Rd8 31. Rd3 Be8 32. Qb3 Kg7 33. Bxe6 c5 34. Bc4
Qc6 35. bxc5 Qe4 36. Bb5 Bf7 37. Bc4 gxh5 38. Rad1 Bg6 39. R3d2 h4 40. Re2 Qf5
41. e6 Qg4 42. Re5 hxg3+ 43. Kg2 Qxf4 44. Qxg3 Qxg3+ 45. Kxg3 Kf6 46. Kf4 d3
47. Bd5 Rc7 48. e7 Rxe7 49. Rxe7 Kxe7 50. Bxb7 Rd4+ 51. Ke5 Ra4 52. c6 Ra5+ 53.
Kd4 Kd6 54. Rc1 Kc7 55. Re1 Kd6 56. Rc1 Ra4+ 57. Ke3 Kc7 58. Rc3 Ra5 59. Kd2
Rg5 60. Rc1 Rg2+ 61. Ke3 Re2+ 62. Kf3 Bh5+ 0-1

[Event "Internatonal Open"]
[Site "Sydney AUS"]
[Date "2008.03.25"]
[Round "8"]
[White "Gagunashvili, M."]
[Black "Jones, G."]
[Result "1/2-1/2"]
[WhiteElo "2553"]
[BlackElo "2562"]
[PlyCount "75"]
[EventDate "2008.03.25"]
[SourceDate "1999.07.01"]

1. d4 Nf6 2. c4 g6 3. Nf3 Bg7 4. g3 O-O 5. Bg2 d6 6. O-O Nbd7 7. Qc2 e5 8. Rd1
Qe7 9. Nc3 c6 10. e4 a6 11. a4 exd4 12. Nxd4 Ne5 13. Qe2 c5 14. Nc2 Be6 15. b3
Nc6 16. Bf4 Rfd8 17. Qd2 Ng4 18. h3 Nge5 19. Kh2 Qf8 20. Be3 Na5 21. Rab1 Nxb3
22. Qe1 Na5 23. Nd5 Nexc4 24. Bg5 f6 25. Nc7 Qe7 26. Nxa8 fxg5 27. Nb6 Nxb6 28.
Qxa5 Nc4 29. Rxb7 Nxa5 30. Rxe7 Bb3 31. e5 Kf8 32. exd6 Bxc2 33. Rde1 Rxd6 34.
Ra7 Rd2 35. Ra8+ Kf7 36. Ra7+ Kf8 37. Ra8+ Kf7 38. Ra7+ 1/2-1/2

[Event "25th Festival Open A"]
[Site "Bled SLO"]
[Date "2008.02.25"]
[Round "4"]
[White "Drasko, M."]
[Black "Sedlak, N."]
[Result "0-1"]
[WhiteElo "2540"]
[BlackElo "2568"]
[PlyCount "140"]
[EventDate "2008.02.23"]
[SourceDate "1999.07.01"]

1. d4 Nf6 2. c4 g6 3. Nf3 Bg7 4. g3 O-O 5. Bg2 d6 6. O-O c6 7. Nc3 Qb6 8. b3 e5
9. e4 exd4 10. Nxd4 Bg4 11. Qd2 Na6 12. Bb2 Rad8 13. h3 Bc8 14. Rfe1 Nc5 15.
Rab1 a5 16. Ba1 Rfe8 17. a3 Qc7 18. b4 axb4 19. axb4 Ncd7 20. Qc2 Nb6 21. Na4
Nxa4 22. Qxa4 Bd7 23. c5 Qc8 24. cxd6 Bxh3 25. e5 Bxg2 26. Kxg2 Nd5 27. Nf3
Nf4+ 28. gxf4 Qg4+ 29. Kf1 Qxf3 30. b5 Rxd6 31. Qe4 Qh3+ 32. Kg1 Rde6 33. Re3
Qh4 34. bxc6 Rxc6 35. f5 Qxe4 36. Rxe4 gxf5 37. Reb4 Bxe5 38. Bxe5 Rxe5 39.
Rxb7 Rg6+ 40. Kf1 Ree6 41. R7b5 Ref6 42. R1b3 Kg7 43. Rh3 Rg5 44. Ke2 Kg6 45.
Rb8 Kg7 46. Rd3 Rg4 47. Rdd8 Ra6 48. Rg8+ Kf6 49. Ra8 Re6+ 50. Kf3 Rg6 51. Rgf8
Kg7 52. Rg8+ Kf6 53. Rgf8 h6 54. Ra7 Rg7 55. Rh8 Kg5 56. Rf8 Rf6 57. Rb7 Kg6
58. Rbb8 Kg5 59. Rb7 h5 60. Kg3 Kh6+ 61. Kh3 Kg5 62. Kg3 Kg6 63. Rbb8 Kh6+ 64.
Kh3 Rg4 65. Rh8+ Kg5 66. Rbg8+ Rg6 67. Rf8 Rg1 68. Rxf7 Kf4 69. Kh2 R6g2+ 70.
Kh3 Rxf2 0-1

[Event "Russia Cup Final"]
[Site "Serpuhov RUS"]
[Date "2008.11.10"]
[Round "3.2"]
[White "Bocharov, D."]
[Black "Amonatov, F."]
[Result "1/2-1/2"]
[WhiteElo "2597"]
[BlackElo "2634"]
[PlyCount "86"]
[EventDate "2008.11.05"]
[SourceDate "1999.07.01"]

1. d4 Nf6 2. c4 g6 3. Nf3 Bg7 4. g3 O-O 5. Bg2 d6 6. O-O Nbd7 7. Nc3 e5 8. e4
a6 9. Re1 Rb8 10. dxe5 dxe5 11. b4 c6 12. h3 Qe7 13. Qb3 Ne8 14. Be3 Nc7 15.
Rad1 h6 16. c5 Ne6 17. Na4 Re8 18. Nb2 a5 19. a3 axb4 20. axb4 b5 21. Rd6 Bb7
22. Nd3 Nef8 23. Nd2 Nf6 24. f4 exf4 25. gxf4 Rbd8 26. e5 Nd5 27. Ne4 Ne6 28.
Rxd8 Rxd8 29. Nd6 Nxe3 30. Rxe3 Ra8 31. Qb2 f5 32. exf6 Bxf6 33. Ne5 Nxf4 34.
Qb3+ Kh7 35. Nxc6 Qg7 36. Nxb7 Qxb7 37. Re4 Nxg2 38. Re7+ Bxe7 39. Qf7+ Kh8 40.
Nxe7 Ra1+ 41. Kf2 Ra2+ 42. Kg1 Ra1+ 43. Kf2 Ra2+ 1/2-1/2

[Event "38th Olympiad"]
[Site "Dresden GER"]
[Date "2008.11.22"]
[Round "9"]
[White "Drasko, M."]
[Black "Kotronias, V."]
[Result "1/2-1/2"]
[WhiteElo "2537"]
[BlackElo "2587"]
[PlyCount "71"]
[EventDate "2008.11.13"]
[SourceDate "1999.07.01"]

1. Nf3 Nf6 2. g3 g6 3. Bg2 Bg7 4. d4 O-O 5. c4 d6 6. O-O Nbd7 7. Qc2 e5 8. Rd1
Qe7 9. Nc3 c6 10. b3 Re8 11. e4 exd4 12. Nxd4 Nc5 13. f3 Nfd7 14. Nce2 a5 15.
Rb1 Ne5 16. h3 Qf8 17. g4 f5 18. exf5 gxf5 19. Ng3 fxg4 20. hxg4 Ng6 21. Ndf5
Bxf5 22. Nxf5 Re6 23. Bg5 Rae8 24. Qd2 Re2 25. Qxd6 Rxa2 26. Be3 Qxd6 27. Rxd6
Nh4 28. Bxc5 Rxg2+ 29. Kf1 Nxf5 30. Kxg2 Nxd6 31. Bxd6 b5 32. f4 Rd8 33. Bc7
Rd2+ 34. Kf3 Bc3 35. cxb5 cxb5 36. Rc1 1/2-1/2

[Event "Encontro Internacional de Xadrez"]
[Site "Brasilia BRA"]
[Date "2008.12.06"]
[Round "2"]
[White "Mecking, H."]
[Black "Flores, Di"]
[Result "0-1"]
[WhiteElo "2567"]
[BlackElo "2569"]
[PlyCount "114"]
[EventDate "2008.12.05"]
[SourceDate "1999.07.01"]

1. d4 Nf6 2. c4 g6 3. Nf3 Bg7 4. g3 O-O 5. Bg2 d6 6. O-O c5 7. d5 Na6 8. Nc3
Nc7 9. e4 Bg4 10. a4 e6 11. Bf4 exd5 12. cxd5 Nh5 13. Be3 Nf6 14. Bg5 Re8 15.
h3 Bxf3 16. Bxf3 Qe7 17. Qd2 Qf8 18. Rfe1 Nd7 19. Be2 a6 20. Qc2 Rab8 21. Kg2
Ne5 22. a5 b5 23. axb6 Rxb6 24. Ra2 Reb8 25. Rea1 Qe8 26. Bc1 Qc8 27. Ra5 Qb7
28. Na4 Rb3 29. Nxc5 dxc5 30. Rxc5 Ne8 31. Bxa6 Qe7 32. Rc8 Nf3 33. Be3 Rxc8
34. Qxb3 Qxe4 35. Kf1 Rc2 36. Bd3 Nd2+ 37. Bxd2 Qh1+ 38. Ke2 Rxd2+ 39. Kxd2
Qxa1 40. d6 Qa5+ 41. Ke2 Qe5+ 42. Kf1 Qxd6 43. Qb5 Qe5 44. Qc6 Nd6 45. b3 Qd4
46. Qa8+ Bf8 47. Qf3 h5 48. g4 h4 49. Kg2 Be7 50. Qe3 Qd5+ 51. Qf3 Qxb3 52. Kg1
Bg5 53. Kg2 Kg7 54. Kg1 Qb4 55. Qd5 Qf4 56. Kg2 Bf6 57. Kg1 Bd4 0-1

[Event "1st Asian Clubs"]
[Site "Al Ain UAE"]
[Date "2008.12.31"]
[Round "7"]
[White "Pashikian, A."]
[Black "Iuldachev, S."]
[Result "1-0"]
[WhiteElo "2611"]
[BlackElo "2511"]
[PlyCount "67"]
[EventDate "2008.12.25"]
[SourceDate "1999.07.01"]

1. d4 Nf6 2. Nf3 d6 3. g3 g6 4. Bg2 Bg7 5. O-O O-O 6. c4 Nc6 7. Nc3 Bg4 8. h3
Bxf3 9. Bxf3 Nd7 10. e3 e5 11. d5 Ne7 12. e4 f5 13. Bd2 f4 14. h4 h5 15. b4 Kh7
16. Kg2 Bh6 17. Be1 a5 18. a3 Ng8 19. Nb5 b6 20. c5 bxc5 21. bxa5 Ngf6 22. Qe2
Nb8 23. Rb1 Qd7 24. Rb3 Na6 25. Nc3 c4 26. Qxc4 Nc5 27. Rb5 fxg3 28. fxg3 Ng4
29. Nd1 Nf6 30. a4 Rf7 31. Bf2 Raf8 32. Bxc5 dxc5 33. a6 Ng4 34. a7 1-0

[Event "2nd Pfalz Open"]
[Site "Neustadt an der Weinstrasse G"]
[Date "2009.02.19"]
[Round "6"]
[White "Maiorov, N1."]
[Black "Markowski, T."]
[Result "1/2-1/2"]
[WhiteElo "2524"]
[BlackElo "2605"]
[PlyCount "83"]
[EventDate "2009.02.15"]
[SourceDate "1999.07.01"]

1. d4 Nf6 2. c4 g6 3. Nf3 Bg7 4. g3 O-O 5. Bg2 d6 6. O-O Nc6 7. Nc3 Bd7 8. b3
a6 9. Bb2 Rb8 10. Re1 b5 11. cxb5 axb5 12. e4 b4 13. Na4 e6 14. Rc1 Ne7 15. Qc2
Bc6 16. Nd2 Re8 17. a3 bxa3 18. Bxa3 Bh6 19. Rcd1 Qc8 20. Nc3 Qb7 21. b4 Qa7
22. Ndb1 Bg7 23. Bf1 Nd7 24. d5 exd5 25. exd5 Ba8 26. Nb5 Qb6 27. Nxc7 Ne5 28.
Rxe5 Bxe5 29. Nxe8 Rxe8 30. Bg2 Bb7 31. Bb2 Qxb4 32. Bxe5 dxe5 33. Nc3 Nf5 34.
Ne4 Rc8 35. Qb1 Qxb1 36. Rxb1 Ba8 37. Nf6+ Kg7 38. Nd7 Rd8 39. Nxe5 Bxd5 40.
Rd1 Ne7 41. Ng4 Rd7 42. Ne3 1/2-1/2

[Event "35th Georgi Tringov Open"]
[Site "Plovdiv BUL"]
[Date "2013.02.07"]
[Round "6.2"]
[White "Jianu, V."]
[Black "Cheparinov, I."]
[Result "1-0"]
[WhiteElo "2500"]
[BlackElo "2709"]
[PlyCount "55"]
[EventDate "2013.02.03"]
[SourceDate "1999.07.01"]

1. d4 Nf6 2. c4 g6 3. g3 Bg7 4. Bg2 O-O 5. Nf3 d6 6. O-O Nbd7 7. Nc3 e5 8. e4
exd4 9. Nxd4 Re8 10. h3 Nc5 11. Re1 Bd7 12. Kh2 h6 13. f4 a5 14. Rb1 h5 15. b3
Qc8 16. e5 Nh7 17. Ba3 h4 18. g4 Ne6 19. Nxe6 Bxe6 20. Qf3 dxe5 21. fxe5 Qd8
22. Kh1 Rb8 23. Rbd1 Qg5 24. Nb5 Red8 25. Nxc7 Bxe5 26. Rxd8+ Rxd8 27. Nxe6
fxe6 28. Qe4 1-0

[Event "ch-TUR 2013"]
[Site "Antalya TUR"]
[Date "2013.02.08"]
[Round "10.1"]
[White "Esen, B."]
[Black "Solak, D."]
[Result "1/2-1/2"]
[WhiteElo "2565"]
[BlackElo "2603"]
[PlyCount "51"]
[EventDate "2013.02.02"]
[SourceDate "1999.07.01"]

1. d4 d6 2. Nf3 Nf6 3. g3 g6 4. Bg2 Bg7 5. c4 O-O 6. O-O Nbd7 7. Nc3 e5 8. e4
exd4 9. Nxd4 a6 10. h3 Rb8 11. a4 a5 12. Ndb5 Nc5 13. Be3 b6 14. Qc2 Re8 15.
Rad1 Bb7 16. f3 Nfd7 17. Rfe1 Na6 18. f4 Nb4 19. Qf2 Qc8 20. Na7 Qd8 21. Nab5
Qc8 22. Nd5 Bxd5 23. cxd5 Nc5 24. Bxc5 bxc5 25. Kh2 Re7 26. h4 1/2-1/2

[Event "XXIII Krakow Open"]
[Site "Krakow POL"]
[Date "2013.01.04"]
[Round "9.3"]
[White "Baryshpolets, A."]
[Black "Moranda, W."]
[Result "1-0"]
[WhiteElo "2502"]
[BlackElo "2559"]
[PlyCount "111"]
[EventDate "2012.12.27"]
[SourceDate "1999.07.01"]

1. d4 Nf6 2. c4 g6 3. Nf3 Bg7 4. g3 O-O 5. Bg2 d6 6. O-O Nbd7 7. Nc3 e5 8. e4
a6 9. Qc2 exd4 10. Nxd4 Ne5 11. b3 Bd7 12. f4 Nc6 13. Nxc6 Bxc6 14. Bb2 Re8 15.
Rae1 Nd7 16. b4 b5 17. Nd1 Bxb2 18. Nxb2 a5 19. c5 Ra6 20. Nd3 dxc5 21. bxc5
Nf6 22. Nf2 Qa8 23. g4 h5 24. gxh5 Nxh5 25. Ng4 Qd8 26. Qc3 Kh7 27. f5 Qg5 28.
fxg6+ Kxg6 29. h3 Bd7 30. Rf5 Qh4 31. Qd2 Ng7 32. Qxd7 Qxe1+ 33. Rf1 Qc3 34.
Qxf7+ Kh7 35. Rf5 Ree6 36. e5 Qxc5+ 37. Kh2 Kh8 38. Qf8+ Qxf8 39. Rxf8+ Kh7 40.
Be4+ Rg6 41. Rf6 Raxf6 42. exf6 Nh5 43. f7 Kg7 44. Bxg6 Nf4 45. Ne5 a4 46. h4
c5 47. h5 Ne6 48. Bd3 c4 49. Nxc4 bxc4 50. Bxc4 Ng5 51. h6+ Kf8 52. a3 Nxf7 53.
h7 Nh8 54. Bb5 Kg7 55. Bxa4 Kxh7 56. Be8 1-0